Capitales qui commencent par D - Statistiques

Statistiques générales
  • Ce quiz a été pris 315 fois
  • Le résultat moyen est 6 sur 10
Statistiques - réponses
Capitales % Correct
Dublin
76%
Dacca
72%
Dakar
67%
Damas
67%
Dodoma
64%
Djibouti
61%
Doha
61%
Dili
58%
Douchanbé
54%
Djouba
41%
Aucun quiz correspondant
Distribution des résultats
% des personnes avec chaque résultat
Percentile par nombre de réponses
Votre historique - résultats
Vous n’avez pas pris ce quiz